Obálka Náhled e-knihy:
PDF Epub
Pro půjčování e-knih musíte být přihlášeni.
Jak si půjčit online?

Návrat /

Může být láska k Bohu silnější než ta lidská? I na to hledá odpověď román české autorky, jehož hrdinka se rozhodla žít jako řádová sestra.

Uloženo v:
Hlavní autor: Dvořáková, Petra, 1977- (Autor)
Médium: E-kniha
Jazyk:Czech
Vydáno: Brno : Host, 2025
Vydání:První vydání
Témata:
Tagy:
Žádné tagy
LEADER 02490nam a2200361 i 4500
001 312649
003 CZ PrSKC
005 20260601215726.0
007 ta
008 250227s2025 xr g 000 f cze
015 |a cnb003674613 
020 |a 9788027523740  |q (vázáno) 
035 |a (OCoLC)1523000844 
040 |a ABG001  |b cze  |d OLA001  |e rda 
072 7 |a 821.162.3-3  |x Česká próza  |2 Konspekt 
080 |a 821.162.3-31  |2 MRF 
080 |a (0:82-31)  |2 MRF 
100 1 |a Dvořáková, Petra,  |d 1977-  |7 xx0044613  |4 aut 
245 1 0 |a Návrat /  |c Petra Dvořáková 
250 |a První vydání 
264 1 |a Brno :  |b Host,  |c 2025 
300 |a 300 stran ;  |c 21 cm 
336 |a text  |b txt  |2 rdacontent 
337 |a bez média  |b n  |2 rdamedia 
338 |a svazek  |b nc  |2 rdacarrier 
520 2 |a Může být láska k Bohu silnější než ta lidská? I na to hledá odpověď román české autorky, jehož hrdinka se rozhodla žít jako řádová sestra.  |b Jana je přesvědčená, že její víru nemůže zlomit nic. Zvlášť když konečně může žít v klášteře. Vstupuje mezi sestry plná odhodlání, ale i iluzí. Ty se začínají s každodenním řeholním životem plíživě drolit. Jana musí znovu potěžkat nenaplněný vztah k Viktorovi, ale především si odpovědět na otázky, jež do jejího života vnáší záhadná Karin. Janina představa o tom, jak vypadá skutečná láska, se mění a rozostřuje. Román čtenáři umožňuje nahlédnout do tajemného světa, jehož všednost naprosto neodpovídá obecným představám. Jakkoliv se obraz života v klášteře může jevit jako dost nelichotivý, nikoho nesoudí. Je to především portrét člověka se vším světlým i temným. V neposlední řadě je tato kniha milostným příběhem. Protože lidská láska je jako nezkrotitelné, mnohočetné zvíře, které k sobě vytrvale hledá druha. Nakladatelská anotace. Kráceno. 
655 7 |a české romány  |7 fd133974  |2 czenas 
655 9 |a Czech fiction  |2 eczenas 
900 |a ABA001  |b 19 
044 |a xr 
910 |a RBIT002 
998 |d 417544  |a https://core.palmknihy.cz/api/books/417544/cover?ssahln  |b https://core.palmknihy.cz/api/books/417544/cover/400?ssahln  |c https://core.palmknihy.cz/api/books/417544/cover/50?ssahln  |e 2032-12-31  |g 304  |i 9788027523740  |j https://core.palmknihy.cz/api/books/417544/preview.epub  |k https://core.palmknihy.cz/api/books/417544/preview.pdf  |l   |q 49  |r 1  |s https://www.palmknihy.cz/kniha/417544  |t ebook  |y 2025  |z 0 
999 |d 312647